Catálogo

Vista normal Vista MARC

Entrada Personal Name

Número de registros utilizados en: 1

001 - CONTROL NUMBER

  • control field: 13989

003 - CONTROL NUMBER IDENTIFIER

  • control field: DLC

005 - DATE AND TIME OF LATEST TRANSACTION

  • control field: 20230327085024.0

008 - FIXED-LENGTH DATA ELEMENTS

  • fixed length control field: 810929n| azannaabn |n aaa

010 ## - LIBRARY OF CONGRESS CONTROL NUMBER

  • LC control number: n 81107726

035 ## - SYSTEM CONTROL NUMBER

  • System control number: (OCoLC)oca00652784

035 ## - SYSTEM CONTROL NUMBER

  • System control number: (CaEvSKY)skya1725704

040 ## - CATALOGING SOURCE

  • Original cataloging agency: DLC
  • Language of cataloging: spa
  • Description conventions: rda
  • Transcribing agency: Mx-PuUPA
  • Modifying agency: OCoLC
  • Modifying agency: MX-SlUA
  • Modifying agency: Mx-PuUPA

100 1# - HEADING--PERSONAL NAME

  • Personal name: Saldívar, Antonio,

374 ## - OCCUPATION

  • Occupation: Autor

375 ## - GENDER

  • Gender: hombre
  • Source of term: lcdgt

377 ## - ASSOCIATED LANGUAGE

  • Language code: spa

670 ## - SOURCE DATA FOUND

  • Source citation: Mauricio S., A. El ciclo mágico de los días, c1979 (a.e.)
  • Information found: t.p. (Antonio Saldívar)

670 ## - SOURCE DATA FOUND

  • Source citation: Planeación financiera de la empresa, 199:
  • Information found: title page (Antonio Saldívar)